| 000 | 00743cam a2200229 i 4500 | ||
|---|---|---|---|
| 001 | 4157822 | ||
| 005 | 20180116040007.0 | ||
| 008 | 790702s1979 inu b 000 0 eng | ||
| 010 | _a 78078213 | ||
| 020 | _a0915144573 | ||
| 040 |
_aDLC _cDLC _dDLC |
||
| 041 | 1 | _aenglat | |
| 080 | _a194 | ||
| 082 | 0 | 0 | _a194 DES |
| 100 | 1 | _a24 | |
| 101 | _aFIL | ||
| 240 | 1 | 0 |
_aMeditationes de prima philosophia. _lEnglish |
| 245 | 1 | 0 |
_aMeditations on first philosophy : _cRené Descartes ; translated from the Latin by Donald A. Cress. |
| 504 | _aBibliography: p. xi-xiii. | ||
| 906 |
_a7 _bcbc _corignew _d2 _eopcn _f19 _gy-gencatlg |
||
| 942 |
_2ddc _cBK |
||
| 999 |
_c40344 _d40344 |
||